| 000 | 00679nam a2200217 a 4500 | ||
|---|---|---|---|
| 005 | 20220622063523.0 | ||
| 008 | 031105s2002 mx r 000 0 spa d | ||
| 020 | _a9681910311 | ||
| 035 | _aUPN01000130696 | ||
| 049 | _aI | ||
| 050 | 4 |
_aPZ74.3 _bW4.3 |
|
| 100 | 1 |
_aWells, Rosemary, _d1943- _939609 |
|
| 245 | 1 | 3 |
_aLa estupenda mamá de Roberta / _cRosemary Wells ; tr. María Puncel. |
| 260 |
_aMéxico : _bAltea, _c2002. |
||
| 300 |
_a32 p. : _bil. col. |
||
| 440 | 0 | _aHistorias para dormir | |
| 534 |
_pTraducción de: _tHazel's amazing mother |
||
| 650 | 4 |
_aMADRES E HIJAS - _vLITERATURA INFANTIL _9726 |
|
| 650 | 0 |
_aAnimales _vCuentos y leyendas _9234 |
|
| 905 | _aInfantil | ||
| 999 |
_c102853 _d102853 |
||